=LDR 00000nam 2200000 4500 =001 INLIS000000000010928 =005 20130612102533 =008 ***********************************Ind** =035 ##$$0010-061300000010928 =041 ##$$a Ind =082 ##$$a 364.132 3 =090 ##$$a 364.132 3, Ste g =100 ##$$a Steinbeg, sheldon s =245 ##$$a Goverment, Ethics, and managers, Penyelewengan Aparat Pemerintah, Sheldon S.Steinberg dan David =260 ##$$a 1998 $b Bandung =300 ##$$a VII-168, 24 cm =700 ##$$a Penerjemah- Suroso, R =850 ##$$a NBPNMAT